000 00718cam a22002413a 4500
001 39263
003 PGUSA
005 20140828083855.0
008 120325s2012||||xxu|||||s|||||000 | eng d
040 _aPGUSA
_beng
042 _adc
050 4 _aQB
100 1 _aGore, J. Ellard
_q(John Ellard),
_d1845-1910
245 1 0 _aAstronomical Curiosities :
_bFacts and Fallacies
_h[electronic resource] /
_cJ. Ellard Gore
260 _bProject Gutenberg,
_c2012
506 _aPublic domain in the USA.
516 _aElectronic text
653 _aSolar system -- Miscellanea
653 _aAstronomy -- Miscellanea
830 0 _aProject Gutenberg
_v39263
856 4 0 _uhttp://www.gutenberg.org/ebooks/39263
942 _cEB
999 _c268516
_d268516